All Known Hominin Species - Statistics

General Stats
  • This quiz has been taken 12 times
  • The average score is 10 of 26
Answer Stats
Timespan Species % Correct
2.0-0.1mya Homo erectus
83%
240-40kya Homo neanderthalensis
83%
300-0kya Homo sapiens
83%
200-32kya Homo denisova (Homo longi)
67%
2.3-1.65mya Homo habilis
67%
0.7-0.3mya Homo heidelbergensis
67%
3.9-2.9mya Australopithecus afarensis
50%
700-50kya Homo floresiensis
50%
5.77-5.54mya Ardipithecus kadabba
33%
4.5-4.32mya Ardipithecus ramidus
33%
3.3-2.1mya Australopithecus africanus
33%
2.6-2.5mya Australopithecus garhi
33%
1.2-0.77mya Homo antecesor
33%
2.04-0.87mya Homo ergaster
33%
134-49kya Homo luzonensis
33%
335-236kya Homo naledi
33%
2.5-1.55mya Homo rudolfensis
33%
6.1-4.5mya Orrorin tugenensis
33%
2.5-1.15mya Paranthropus boisei
33%
2.27-0.87mya Paranthropus robustus
33%
7-6mya Sahelanthropus tchadensis
33%
4.3-3.8mya Australopithecus anamensis
17%
3.3-3.2mya Kenyanthropus platyops
17%
2.7-2.3mya Paranthropus aethiopicus
17%
3.5-3.3mya Australopithecus deyiremeda
0%
1.98mya Australopithecus sediba
0%
No matching quizzes found
Score Distribution
Percent of People with Each Score
Percentile by Number Answered
Your Score History
You have not taken this quiz